HFERP kryptosystém
Gespeichert in:
| 1. Verfasser: | |
|---|---|
| Weitere Verfasser: | |
| Format: | Manuskript Buch |
| Sprache: | Slowakisch |
| Veröffentlicht: |
Bratislava : STU v Bratislave FEI, 2020
|
| Schlagworte: | |
| Online-Zugang: | https://opac.crzp.sk/?fn=detailBiblioForm&sid=23A5A917B76C11E749A9EB80CF65&seo=CRZP-detail-kniha |
| Tags: |
Keine Tags, Fügen Sie das erste Tag hinzu!
|
MARC
| LEADER | 00000ntm a22000003a 4500 | ||
|---|---|---|---|
| 001 | stuzp71543 | ||
| 003 | SK-STU | ||
| 005 | 20200727125244.0 | ||
| 007 | ta | ||
| 008 | 150427s2015----xo-----f-mn---000-0-slo-d | ||
| 040 | |a STU |b slo | ||
| 041 | 0 | |a slo | |
| 044 | |a xo | ||
| 100 | 1 | |a Pavlatovský, Andrej |u 035000 |4 aut |U FEI Fakulta elektrotechniky a informatiky |T FEI Ústav informatiky a matematiky |X 74784 |U E050 |Y 816 |7 74784 | |
| 242 | 0 | 1 | |a HFERP cryptosystem |y eng |
| 245 | 1 | 0 | |a HFERP kryptosystém |
| 260 | |c Bratislava : |c STU v Bratislave FEI, |c 2020 | ||
| 300 | |a 54 s. | ||
| 650 | 4 | |a MQ-based kryptosystém |2 slo | |
| 650 | 4 | |a Post-kvantová kryptografia |2 slo | |
| 650 | 4 | |a Asymetrická kryptografia |2 slo | |
| 650 | 4 | |a HFERP |2 slo | |
| 650 | 4 | |a Public-key cryptography |2 eng | |
| 650 | 4 | |a Post-quantum cryptography |2 eng | |
| 650 | 4 | |a MQ-based cryptography |2 eng | |
| 650 | 4 | |a HFERP |2 eng | |
| 700 | 1 | |a Hromada, Viliam |u 035000 |k Z1 |4 ths |U FEI Fakulta elektrotechniky a informatiky |T FEI Ústav informatiky a matematiky |X 36029 |U E050 |Y 816 |7 A000036029 | |
| 856 | 4 | |u https://opac.crzp.sk/?fn=detailBiblioForm&sid=23A5A917B76C11E749A9EB80CF65&seo=CRZP-detail-kniha | |